000 00498nam a22001937a 4500
003 NUST - PNEC
005 20170116180919.0
008 150904b xxu||||| |||| 00| 0 eng d
020 _a0863800173
020 _a0863800173
020 _a0471904724
040 _cLIBRARY
082 _a624.176 EWI
100 _97632
_aEwins, D. J.
245 _aModal testing : theory and practice
_cD. J. Ewins
260 _cc.1984
650 _97636
_aVibrations- Mathematical Modals
_xME
942 _2ddc
_cBK
999 _c65552
_d65552